Major League Baseball Hall of Fame - 2025 - Statistics

General Stats
  • This quiz has been taken 150 times
    36 since last reset
  • The average score is 234 of 351
Answer Stats
Year Inducted Role Team Position Answer % Correct
2024 Player Texas Rangers 3rd Base Adrian Beltre
83%
1980 Player Detroit Tigers Outfield Al Kaline
83%
1936 Player New York Yankees Outfield Babe Ruth
83%
2012 Player Cincinnati Reds Shortstop Barry Larkin
83%
2011 Player Minnesota Twins Pitcher Bert Blyleven
83%
1954 Player New York Yankees Catcher Bill Dickey
83%
2001 Player Pittsburgh Pirates 2nd Base Bill Mazeroski
83%
1954 Player New York Giants 1st Base Bill Terry
83%
1987 Player Chicago Cubs Outfield Billy Williams
83%
1986 Player Boston Red Sox 2nd Base Bobby Doerr
83%
1962 Player Cleveland Indians Pitcher Bob Feller
83%
1981 Player St. Louis Cardinals Pitcher Bob Gibson
83%
1976 Player Cleveland Indians Pitcher Bob Lemon
83%
1983 Player Baltimore Orioles 3rd Base Brooks Robinson
83%
2007 Player Baltimore Orioles Shortstop Cal Ripken
83%
1939 Player Chicago White Stockins 1st Base Cap Anson
83%
1947 Player New York Giants Pitcher Carl Hubbell
83%
2000 Player Boston Red Sox Catcher Carlton Fisk
83%
2025 Player New York Yankees Pitcher CC Sabathia
83%
1949 Player Detroit Tigers 2nd Base Charlie Gehringer
83%
2018 Player Atlanta Braves 3rd Base Chipper Jones
83%
1936 Player New York Giants Pitcher Christy Mathewson
83%
1980 Player Philadelphia Phillies Outfield Chuck Klein
83%
1937 Manager Philadelphia A's N/A Connie Mack
83%
2015 Player Houston Astros 2nd Base Craig Biggio
83%
1937 Player Cleveland Spiders Pitcher Cy Young
83%
2001 Player San Diego Padres Outfield Dave Winfield
83%
2004 Player Oakland A's Pitcher Dennis Eckersley
83%
1953 Player St. Louis Cardinals Pitcher Dizzy Dean
83%
1998 Player Los Angeles Dodgers Pitcher Don Sutton
83%
1980 Player Brooklyn Dodgers Outfield Duke Snider
83%
1996 Manager Baltimore Orioles N/A Earl Weaver
83%
1978 Player Milwaukee Braves 3rd Base Eddie Mathews
83%
2003 Player Baltimore Orioles 1st Base Eddie Murray
83%
1946 Player Chicago White Sox Pitcher Ed Walsh
83%
1991 Player Chicago Cubs Pitcher Ferguson Jenkins
83%
1982 Player Baltimore Orioles Outfield Frank Robinson
83%
2014 Player Chicago White Sox 1st Base Frank Thomas
83%
2003 Player Montreal Expos Catcher Gary Carter
83%
1999 Player Kansas City Royals 3rd Base George Brett
83%
1983 Player Detroit Tigers 3rd Base George Kell
83%
1939 Player St. Louis Browns 1st Base George Sisler
83%
2014 Player Atlanta Braves Pitcher Greg Maddux
83%
1938 Player Philadelphia Phillies Pitcher Grover Alexander
83%
1979 Player Chicago Cubs Outfield Hack Wilson
83%
1982 Player Milwaukee Braves Outfield Hank Aaron
83%
1956 Player Detroit Tigers 1st Base Hank Greenberg
83%
1984 Player Minnesota Twins 1st Base Harmon Killebrew
83%
1952 Player Detroit Tigers Outfield Harry Heilmann
83%
1936 Player Pittsburgh Pirates Shortstop Honus Wagner
83%
1945 Player Boston Beaneaters Outfield Hugh Duffy
83%
2025 Player Seattle Mariners Outfield Ichiro Suzuki
83%
2017 Player Texas Rangers Catcher Ivan Rodriguez
83%
2017 Player Houston Astros 1st Base Jeff Bagwell
83%
1996 Player Philadelphia Phillies Pitcher Jim Bunning
83%
1951 Player Philadelphia A's 1st Base Jimmie Foxx
83%
1990 Player Baltimore Orioles Pitcher Jim Palmer
83%
2009 Player Boston Red Sox Outfield Jim Rice
83%
1955 Player New York Yankees Outfield Joe DiMaggio
83%
2024 Player Minnesota Twins Catcher Joe Mauer
83%
1968 Player St. Louis Cardinals Outfield Joe Medwick
83%
1990 Player Cincinnati Reds 2nd Base Joe Morgan
83%
1937 Manager New York Giants N/A John McGraw
83%
1989 Player Cincinnati Reds Catcher Johnny Bench
83%
2015 Player Atlanta Braves Pitcher John Smoltz
83%
1972 Player Homestead Grays Catcher Josh Gibson
83%
1983 Player San Francisco Giants Pitcher Juan Marichal
83%
2016 Player Seattle Mariners Outfield Ken Griffey
83%
2001 Player Minnesota Twins Outfield Kirby Puckett
83%
1998 Player Cleveland Indians Outfield Larry Doby
83%
1972 Player New York Yankees Pitcher Lefty Gomez
83%
1947 Player Philadelphia A's Pitcher Lefty Grove
83%
1967 Player Pittsburg Pirates Outfield Lloyd Waner
83%
1970 Player Cleveland Indians Shortstop Lou Boudreau
83%
1939 Player New York Yankees 1st Base Lou Gehrig
83%
1964 Player Chicago White Sox Shortstop Luke Appling
83%
2019 Player New York Yankees Pitcher Mariano Rivera
83%
1951 Player New York Giants Outfield Mel Ott
83%
1947 Player Philadelphia A's Catcher Mickey Cochrane
83%
1974 Player New York Yankees Outfield Mickey Mantle
83%
2016 Player Los Angeles Dodgers Catcher Mike Piazza
83%
1995 Player Philadelphia Phillies 3rd Base Mike Schmidt
83%
1937 Player Cleveland Naps 2nd Base Napoleon Lajoie
83%
1997 Player Chicago White Sox 2nd Base Nellie Fox
83%
1999 Player Texas Rangers Pitcher Nolan Ryan
83%
2002 Player St. Louis Cardinals Shortstop Ozzie Smith
83%
2004 Player Milwaukee Brewers 3rd Base Paul Molitor
83%
1952 Player Pittsburgh Pirates Outfield Paul Waner
83%
1984 Player Brooklyn Dodgers Shortstop Pee Wee Reese
83%
1997 Player Atlanta Braves Pitcher Phil Niekro
83%
2015 Player Arizona Diamondbacks Pitcher Randy Johnson
83%
1993 Player New York Yankees Outfield Reggie Jackson
83%
1995 Player Philadelphia Phillies Outfield Richie Ashburn
83%
1973 Player Pittsburgh Pirates Outfield Roberto Clemente
83%
1999 Player Milwaukee Brewers Shortstop Robin Yount
83%
1991 Player Minnesota Twins 1st Base Rod Carew
83%
1942 Player St. Louis Cardinals 2nd Base Rogers Hornsby
83%
1992 Player Oakland A's Pitcher Rollie Fingers
83%
2012 Player Chicago Cubs 3rd Base Ron Santo
83%
1969 Player Brooklyn Dodgers Catcher Roy Campanella
83%
1946 Player Philadelphia A's Pitcher Rube Waddell
83%
2005 Player Chicago Cubs 2nd Base Ryne Sandberg
83%
1957 Player Detroit Tigers Outfield Sam Crawford
83%
1963 Player Washington Senators Outfield Sam Rice
83%
1972 Player Los Angeles Dodgers Pitcher Sandy Koufax
83%
1971 Player Kansas City Monarchs Pitcher Satchel Paige
83%
1969 Player St. Louis Cardinals Outfield Stan Musial
83%
1994 Player Philadelphia Phillies Pitcher Steve Carlton
83%
1955 Player Chicago White Sox Pitcher Ted Lyons
83%
1966 Player Boston Red Sox Outfield Ted Williams
83%
2017 Player Montreal Expos Outfield Tim Raines
83%
2024 Player Colorado Rockies 1st Base Todd Helton
83%
1992 Player New York Mets Pitcher Tom Seaver
83%
2007 Player San Diego Padres Outfield Tony Gwynn
83%
2014 Manager Oakland A's N/A Tony LaRussa
83%
2000 Player Cincinnati Reds 1st Base Tony Perez
83%
1937 Player Cleveland Indians Outfield Tris Speaker
83%
1936 Player Detroit Tigers Outfield Ty Cobb
83%
2005 Player Boston Red Sox 3rd Base Wade Boggs
83%
1983 Manager Los Angeles Dodgers N/A Walter Alston
83%
1936 Player Washington Senators Pitcher Walter Johnson
83%
1973 Player Milwaukee Braves Pitcher Warren Spahn
83%
1974 Player New York Yankees Pitcher Whitey Ford
83%
1979 Player San Francisco Giants Outfield Willie Mays
83%
1986 Player San Francisco Giants 1st Base Willie McCovey
83%
1972 Player New York Yankees Catcher Yogi Berra
83%
1978 Player Cleveland Naps Pitcher Addie Joss
67%
2018 Player Detroit Tigers Shortstop Alan Trammell
67%
1977 Manager Chicago White Sox N/A Al Lopez
67%
1953 Player Philadelphia A's Outfield Al Simmons
67%
2010 Player Montreal Expos Outfield Andre Dawson
67%
1975 Player Chicago Cubs 2nd Base Billy Herman
67%
2008 Manager St. Louis Cardinals N/A Billy Southworth
67%
2014 Manager Atlanta Braves N/A Bobby Cox
67%
1967 Pioneer/Executive N/A N/A Branch Rickey
67%
2006 Player St. Louis Cardinals Pitcher Bruce Sutter
67%
1972 Player Homestead Grays 1st Base Buck Leonard
67%
2017 Pioneer/Executive N/A N/A Bud Selig
67%
1989 Player Boston Red Sox Outfield Carl Yastrzemski
67%
1966 Manager New York Yankees N/A Casey Stengel
67%
1939 Player Providence Grays Pitcher Charles Radbourn
67%
1953 Player Philadelphia A's Pitcher Chief Bender
67%
1946 Pioneer/Executive N/A N/A Clark Griffith
67%
1974 Player St. Louis Stars Outfield Cool Papa Bell
67%
2025 Player Pittsburgh Pirates Outfield Dave Parker
67%
2022 Player Boston Red Sox Designated Hitter David Ortiz
67%
1955 Player Brooklyn Robins Pitcher Dazzy Vance
67%
2020 Player New York Yankees Shortstop Derek Jeter
67%
2008 Manager Oakland A's N/A Dick Williams
67%
1984 Player Los Angeles Dodgers Pitcher Don Drysdale
67%
1972 Player Cleveland Indians Pitcher Early Wynn
67%
1945 Player Philadelphia Phillies Outfield Ed Delahanty
67%
1939 Player Chicago White Sox 2nd Base Eddie Collins
67%
1946 Player Philadelphia A's Pitcher Eddie Plank
67%
1962 Player Cincinnati Reds Outfield Edd Roush
67%
2019 Player Seattle Mariners Designated Hitter Edgar Martinez
67%
1963 Player Cincinnati Reds Pitcher Eppa RIxey
67%
1977 Player Chicago Cubs Shortstop Ernie Banks
67%
1986 Player Cincinnati Reds Catcher Ernie Lombardi
67%
1970 Pioneer/Executive N/A N/A Ford Frick
67%
1955 Player Philadelphia A's 3rd Base Frank Baker
67%
1946 Player Chicago Cubs 1st Base Frank Chance
67%
1947 Player St. Louis Cardinals 2nd Base Frankie Frisch
67%
1945 Player Pittsburgh Pirates Outfield Fred Clarke
67%
1976 Player New York Giants 3rd Base Freddie Lindstrom
67%
2023 Player Atlanta Braves 1st Base Fred McGriff
67%
1955 Player Chicago Cubs Catcher Gabby Hartnett
67%
1991 Player San Francisco Giants Pitcher Gaylord Perry
67%
1998 Player New York Giants Shortstop George Davis
67%
1973 Player New York Giants 1st Base George Kelly
67%
2022 Player Brooklyn Dodgers 1st Base Gil Hodges
67%
1992 Player Detroit Tigers Pitcher Hal Newhouser
67%
2019 Player Chicago White Sox Designated Hitter Harold Baines
67%
1971 Player Boston Red Sox Outfield Harry Hooper
67%
1964 Player Washington Senators Outfield Heinie Manush
67%
1948 Player New York Yankees Pitcher Herb Pennock
67%
2001 Player Kansas City Monarchs Pitcher Hilton Smith
67%
1946 Player New York Highlanders Pitcher Jack Chesbro
67%
1962 Player Brooklyn Dodgers 2nd Base Jackie Robinson
67%
2018 Player Detroit Tigers Pitcher Jack Morris
67%
1971 Player Pittsburgh Pirates 1st Base Jake Beckley
67%
1974 Player St. Louis Cardinals 1st Base Jim Bottomley
67%
1987 Player Oakland A's Pitcher Jim Hunter
67%
2022 Player Minnesota Twins Pitcher Jim Kaat
67%
2024 Manager Detroit Tigers N/A Jim Leyland
67%
1945 Player Boston Red Sox 3rd Base Jimmy Collins
67%
2018 Player Cleveland Indians 1st Base Jim Thome
67%
2009 Player New York Yankees 2nd Base Joe Gordon
67%
1957 Manager New York Yankees N/A Joe McCarthy
67%
1977 Player Cleveland Indians Shortstop Joe Sewell
67%
1946 Player Chicago Cubs Shortstop Joe Tinker
67%
2014 Manager New York Yankees N/A Joe Torre
67%
1946 Player Chicago Cubs 2nd Base Johnny Evers
67%
1981 Player St. Louis Cardinals 1st Base Johnny Mize
67%
2006 Player Cuban Stars Pitcher Jose Mendez
67%
1949 Player Boston Beaneaters Pitcher Kid Nichols
67%
2020 Player Colorado Rockies Outfield Larry Walker
67%
1985 Player St. Louis Cardinals Outfield Lou Brock
67%
1984 Player Chicago White Sox Shortstop Luis Aparicio
67%
1977 Player Cuban Stars Pitcher Martin Dihigo
67%
1964 Manager New York Yankees N/A Miller Huggins
67%
1949 Player Chicago Cubs Pitcher Mordecai Brown
67%
2006 Player Newark Eagles 1st Base Mule Suttles
67%
1999 Player San Francisco Giants 1st Base Orlando Cepeda
67%
1976 Player Pittsburgh Crawfords Outfield Oscar Charleston
67%
2015 Player Boston Red Sox Pitcher Pedro Martinez
67%
1994 Player New York Yankees Shortstop Phil Rizzuto
67%
1948 Player Pittsburgh Pirates 3rd Base Pie Traynor
67%
1965 Player Buffalo Bisons Pitcher Pud Galvin
67%
1954 Player Boston Braves Shortstop Rabbit Maranville
67%
1955 Player Chicago White Sox Catcher Ray Schalk
67%
1989 Player St. Louis Cardinals 2nd Base Red Schoendienst
67%
2009 Player Oakland A's Outfield Rickey Henderson
67%
2011 Player Toronto Blue Jays 2nd Base Roberto Alomar
67%
1976 Player Philadelphia Phillies Pitcher Robin Roberts
67%
1945 Player New York Giants Catcher Roger Bresnahan
67%
1972 Player New York Giants Outfield Ross Youngs
67%
2019 Player Toronto Blue Jays Pitcher Roy Halladay
67%
1981 Manager Chicago American Giants N/A Rube Foster
67%
1971 Player New York Giants Pitcher Rube Marquard
67%
1974 Player Philadelphia Phillies Outfield Sam Thompson
67%
2000 Manager Cincinnati Reds N/A Sparky Anderson
67%
1969 Player Cleveland Indians Pitcher Stan Coveleski
67%
2014 Player Atlanta Braves Pitcher Tom Glavine
67%
1991 Player New York Yankees 2nd Base Tony Lazzeri
67%
1982 Player New York Giants Shortstop Travis Jackson
67%
2018 Player San Diego Padres Pitcher Trevor Hoffman
67%
1969 Player New York Yankees Pitcher Waite Hoyt
67%
2010 Manager St. Louis Cardinals N/A Whitey Herzog
67%
1945 Manager Brooklyn Robins N/A Wilbert Robinson
67%
1939 Player New York Highlanders Outfield Willie Keeler
67%
1988 Player Pittsburgh Pirates Outfield Willie Stargell
67%
1959 Player Brooklyn Robins Outfield Zack Wheat
67%
1989 Umpire N/A N/A Al Barlick
50%
1938 Pioneer/Executive N/A N/A Alexander Cartwright
50%
2006 Pioneer/Executive N/A N/A Alex Pompez
50%
1939 Pioneer/Executive N/A N/A Al Spalding
50%
1977 Player New York Giants Pitcher Amos Rusie
50%
2006 Player Kansas City Monarchs Pitcher Andy Cooper
50%
1985 Player Pittsburgh Pirates Shortstop Arky Vaughan
50%
1937 Pioneer/Executive N/A N/A Ban Johnson
50%
2008 Pioneer/Executive N/A N/A Barney Dreyfuss
50%
2006 Player Indianapolis ABCs 1st Base Ben Taylor
50%
2000 Player Cincinnati Reds 2nd Base Bid McPhee
50%
1996 Player Chicago American Giants Pitcher Bill Foster
50%
1953 Umpire N/A N/A Bill Klem
50%
1992 Umpire N/A N/A Bill McGowan
50%
1962 Manager Cincinnati Reds N/A Bill McKechnie
50%
1991 Pioneer/Executive N/A N/A Bill Veeck
50%
1973 Umpire N/A N/A Billy Evans
50%
1961 Player Philadelphia Phillies Outfield Billy Hamilton
50%
2025 Player Houston Astros Pitcher Billy Wagner
50%
2006 Player Hilldale Giants Catcher Biz Mackey
50%
1953 Player St. Louis Browns Shortstop Bobby Wallace
50%
2008 Pioneer/Executive N/A N/A Bowie Kuhn
50%
1939 Player New York Giants Catcher Buck Ewing
50%
2022 Pioneer/Executive N/A N/A Buck O'Neill
50%
1975 Manager Washington Senators N/A Bucky Harris
50%
2022 Pioneer/Executive N/A N/A Bud Fowler
50%
1998 Player Kansas City Monarchs Pitcher Bullet Rogan
50%
1964 Player Brooklyn Robins Pitcher Burleigh Grimes
50%
1976 Umpire N/A N/A Cal Hubbard
50%
1939 Pioneer/Executive N/A N/A Candy Cummings
50%
1971 Player St. Louis Cardinals Outfield Chick Hafey
50%
2006 Player Chicago American Giants Outfield Cristobal Torriente
50%
2006 Pioneer/Executive N/A N/A Cumberland Posey
50%
1945 Player Buffalo Bisons 1st Base Dan Brouthers
50%
1971 Player Philadelphia Phillies Shortstop Dave Bancroft
50%
2013 Player Boston Red Stockings 3rd Base Deacon White
50%
2025 Player Philadelphia Phillies Infield/Outfield Dick Allen
50%
2010 Umpire N/A N/A Doug Harvey
50%
1975 Player Cleveland Indians Outfield Earl Averill
50%
1970 Player New York Yankees Outfield Earl Combs
50%
1953 Pioneer/Executive N/A N/A Ed Barrow
50%
2006 Pioneer/Executive N/A N/A Effa Manley
50%
1963 Player Cleveland Naps Outfield Elmer Flick
50%
1985 Player St. Louis Cardinals Outfield Enos Slaughter
50%
2006 Player Cuban Giants 2nd Base Frank Grant
50%
1999 Manager Boston Beaneaters N/A Frank Selee
50%
1937 Pioneer/Executive N/A N/A George Wright
50%
2013 Umpire N/A N/A Hank O'Day
50%
1982 Pioneer/Executive N/A N/A Happy Chandler
50%
1953 Pioneer/Executive N/A N/A Harry Wright
50%
1938 Pioneer/Executive N/A N/A Henry Chadwick
50%
1945 Player Baltimore Orioles (NL) Shortstop Hughie Jennings
50%
2013 Pioneer/Executive N/A N/A Jacob Ruppert
50%
1946 Player Cleveland Spiders Outfield Jesse Burkett
50%
1970 Player St. Louis Cardinals Pitcher Jesse Haines
50%
1945 Player New York Giants Outfield Jim O'Rourke
50%
2006 Pioneer/Executive N/A N/A J.L. Wilkinson
50%
1974 Umpire N/A N/A Jocko Conlan
50%
1956 Player Boston Red Sox Shortstop Joe Cronin
50%
1946 Player New York Giants Pitcher Joe McGinnity
50%
1999 Player New York Lincoln Giants Pitcher Joe Williams
50%
1963 Player Boston Beaneaters Pitcher John Clarkson
50%
2017 Pioneer/Executive N/A N/A John Schuerholz
50%
1964 Player New York Giants Shortstop John Ward
50%
2006 Player Philadelphia Stars 3rd Base Jud Wilson
50%
1975 Player Hilldale Daisies 3rd Base Judy Johnson
50%
1944 Pioneer/Executive N/A N/A Kennesaw Landis
50%
1968 Player Chicago Cubs Outfield Kiki Cuyler
50%
1945 Player Chicago White Stockins Outfield King Kelly
50%
1978 Pioneer/Executive N/A N/A Larry MacPhail
50%
1998 Pioneer/Executive N/A N/A Lee MacPhail
50%
2019 Player Chicago Cubs Pitcher Lee Smith
50%
1994 Manager Brooklyn Dodgers N/A Leo Durocher
50%
1995 Player Newark Eagles Pitcher Leon Day
50%
2006 Player Hilldale Daisies Catcher Louis Santop
50%
2020 Pioneer/Executive N/A N/A Marvin Miller
50%
1961 Player Pittsburgh Pirates Outfield Max Carey
50%
2019 Player Baltimore Orioles Pitcher Mike Mussina
50%
2022 Player Chicago White Sox Outfield Minnie Minoso
50%
1973 Player Newark Eagles Outfield Monte Irvin
50%
1937 Pioneer/Executive N/A N/A Morgan Bulkeley
50%
1996 Manager Baltimore Orioles (NL) N/A Ned Hanlon
50%
1999 Umpire N/A N/A Nestor Chylak
50%
2011 Pioneer/Executive N/A N/A Pat Gillick
50%
2006 Player Chicago American Giants Outfield Pete Hill
50%
1977 Player New York Lincoln Giants Shortstop Pop Lloyd
50%
2006 Player Homestead Grays Pitcher Ray Brown
50%
1987 Player Newark Eagles 3rd Base Ray Dandridge
50%
1964 Player Chicago White Sox Pitcher Red Faber
50%
1967 Player New York Yankees Pitcher Red Ruffing
50%
2008 Player New York Yankees Pitcher Rich Gossage
50%
1984 Player Boston Red Sox Catcher Rick Ferrell
50%
1976 Player New York Giants 1st Base Roger Connor
50%
2023 Player St. Louis Cardinals 3rd Base Scott Rolen
50%
2006 Pioneer/Executive N/A N/A Sol White
50%
2020 Player St. Louis Cardinals Catcher Ted Simmons
50%
1964 Player New York Giants Pitcher Tim Keefe
50%
1997 Manager Los Angeles Dodgers N/A Tom Lasorda
50%
1953 Umpire N/A N/A Tommy Connolly
50%
1946 Player Boston Beaneaters Outfield Tommy McCarthy
50%
2022 Player Minnesota Twins Outfield Tony Oliva
50%
2000 Player Detroit Stars Outfield Turkey Stearnes
50%
1995 Player Boston Beaneaters Pitcher Vic Willis
50%
2018 Player Los Angeles Angels Outfield Vladimir Guerrero
50%
1979 Pioneer/Executive N/A N/A Warren Giles
50%
2006 Player Kansas City Monarchs Outfield Willard Brown
50%
1972 Pioneer/Executive N/A N/A Will Harridge
50%
1995 Pioneer/Executive N/A N/A William Hulbert
50%
1997 Player St. Louis Stars Shortstop Willie Wells
50%
1939 Pioneer/Executive N/A N/A Charles Comiskey
33%
1971 Pioneer/Executive N/A N/A George Weiss
33%
1968 Player Washington Senators Outfield Goose Goslin
33%
1985 Player New York Giants Pitcher Hoyt Wilhelm
33%
1971 Player Baltimore Orioles (NL) Outfield Joe Kelley
33%
1973 Player New York Giants Pitcher Mickey Welch
33%
1975 Player Pittsburgh Pirates Outfield Ralph Kiner
33%
1980 Pioneer/Executive N/A N/A Tom Yawkey
33%
2008 Pioneer/Executive N/A N/A Walter O'Malley
33%
No matching quizzes found
Score Distribution
Percent of People with Each Score
Percentile by Number Answered
Your Score History
You have not taken this quiz since the last reset